000 00310 a2200109 4500
001 ART_10165
005 20260410161848.0
008 260409a
245 1 0 _aLa posición monetaria neta
100 1 _aOlivera, Julio H.G.
773 0 _tEconómica
_g- Año XV, Nº 3 (set./dic. 1969)
_wREV7541
999 _c24716
_d24716